| 000 | 00000nam 2200000za 4500 |
| 001 | 9.846916 |
| 003 | CaOODSP |
| 005 | 20221107153322 |
| 007 | cr ||||||||||| |
| 008 | 171109s2000 onca #o f000 0 fre d |
| 040 | |aCaOODSP|bfre |
| 041 | |afre|beng |
| 043 | |an-cn--- |
| 086 | 1 |aNH18-1-2/86-2000F-PDF |
| 100 | 1 |aBlais, Pamela. |
| 245 | 13|aLa révolution de l'information et l'aménagement résidentiel |h[ressource électronique] : |brapport sommaire / |cpar Pamela Blais. |
| 260 | |a[Ottawa] : |bSociété canadienne d'hypothèques et de logement, |c2000. |
| 300 | |a29 p. : |bill. |
| 500 | |aPubl. aussi en anglais sous le titre : The information revolution and residential development : summary report. |
| 500 | |aTitre de la couv. |
| 500 | |a« Mars 2000. » |
| 500 | |aPubl. par: Programme de subventions de recherche. |
| 504 | |aComprend des références bibliographiques. |
| 520 | |a« La revolution de l'information modifie la forme des villes, des quartiers et des systèmes urbains. La présente recherche porte sur les conséquences de ce fait pour l’aménagement résidentiel. »--Résumé. |
| 546 | |aComprend un résumé en anglais. |
| 692 | 07|2gccst|aDéveloppement urbain |
| 692 | 07|2gccst|aTechnologie de l'information |
| 710 | 2 |aSociété canadienne d'hypothèques et de logement.|bProgramme de subventions de recherche. |
| 710 | 2 |aSociété canadienne d'hypothèques et de logement. |
| 775 | 08|tThe information revolution and residential development |w(CaOODSP)9.569910 |
| 856 | 40|qPDF|s1.69 Mo|uhttps://publications.gc.ca/collections/collection_2017/schl-cmhc/NH18-1-2-86-2000-fra.pdf |